Statistics for The James Madison Presidency

Click here to take the quiz!

General Stats

  • This quiz has been taken 401 times
  • The average score is 12 of 19

Answer Stats

HintAnswer% Correct
Served under Thomas Jefferson as thisSecretary of {State}
95%
Wrote most of this part of the U.S. ConstitutionBill of {Rights}
94%
His home stateVirginia
93%
Main conflict during his presidencyWar of {1812}
92%
During the war, this building was set on fireWhite House
87%
He is sometimes known as thisFather of the {Constitution}
84%
National anthem written during the warThe Star-Spangled Banner
80%
Series of essays he co-authoredThe {Federalist} Papers
78%
His political partyDemocratic-Republican
76%
Opponents of that warGreat Britain
71%
Opponents of that warFrance
66%
First name of his wifeDolley
57%
Tariff passed by Congress in 1816 (hint: city in Texas){Dallas} Tariff
54%
Fill-in-the-blankThe truth is that all {men} having power ought to be mistrusted.
53%
Fill-in-the-blank...the right of the people to keep and {bear} {arms} shall not be infringed.
51%
Vice Presidents who both died in officeGeorge Clinton
39%
Vice Presidents who both died in officeElbridge Gerry
31%
Fill-in-the-blankEqual {laws} protecting equal rights…the best guarantee of loyalty and love of country.
25%
Name of his plantationMontpelier
20%

Score Distribution

Percentile by Number Answered

Percent of People with Each Score

Your Score History

You have not taken this quiz